00194nam a22000857a 4500082001800000100001900018245003400037260002800071300000900099 a620.135 CEM'S aSTANDAGE, H. C aCEMENTS PASTES GLUES AND GUMS aLONDONbTECHNICALc1942 a164P